000 01001cam a2200241 a 4500
001 4509014
005 20250619140510.0
008 981013s1998 mau b 001 0ceng
020 _a1565630955 (cloth)
041 1 _aeng
_hger
050 0 0 _aBR1706
_b.C313 1998
082 0 0 _a270.1/092/2
_aB
_221
100 1 _aCampenhausen, Hans von,
_d1903-1989.
245 1 4 _aThe fathers of the church /
_cHans von Campenhausen.
260 _aPeabody, Mass. :
_bHendrickson Publishers,
_c1998.
300 _a190, 328 p. ;
_c24 cm.
500 _a"Combined ed. of: The fathers of the Greek Church and The fathers of the Latin Church."
650 0 _aFathers of the church
_cBiography.
700 1 2 _aCampenhausen, Hans von,
_d1903-1989.
_tLateinische Kirchenväter.
_lEnglish.
_f1998.
856 4 2 _3Publisher description
_uhttp://www.loc.gov/catdir/description/hend021/98048103.html
856 4 2 _3Contributor biographical information
_uhttp://www.loc.gov/catdir/enhancements/fy0706/98048103-b.html
942 _2lcc
_cBK
_n0
999 _c6601
_d6601